[Event "Erfurt AT op 27th"]
[Site "Erfurt"]
[Date "2017.12.28"]
[Round "3"]
[White "Schwier, Alexander"]
[Black "Hegener, Daniel"]
[Result "1/2-1/2"]
[WhiteElo "1500"]
[BlackElo "1549"]
[PlyCount "35"]
[EventDate "2017.12.27"]
[EventType "swiss"]
[EventRounds "7"]
[EventCountry "GER"]
[SourceTitle "CBM 182 Extra"]
[Source "ChessBase"]
[SourceDate "2018.02.23"]
[SourceVersion "1"]
[SourceVersionDate "2018.02.23"]
[SourceQuality "1"]

1. e4 d5 2. exd5 Qxd5 3. Nc3 Qa5 4. Bc4 Nf6 5. d3 c6 6. Nf3 Bg4 7. Bd2 Qc7 8. h3 Bh5 9. Ne4 Nxe4 10. dxe4 e6 11. Bc3 Nd7 12. Qd3 Rd8 13. Qe3 Bc5 14. Qg5 Bxf3 15. gxf3 Rg8 16. Rd1 Be7 17. Qh5 Nf8 18. Rxd8+ 1/2-1/2

[Event "Wiesbaden op 28th"]
[Site "Wiesbaden"]
[Date "2016.08.28"]
[Round "6"]
[White "Schneider, Luca"]
[Black "Hegener, Daniel"]
[Result "1/2-1/2"]
[WhiteElo "1369"]
[BlackElo "1626"]
[PlyCount "42"]
[EventDate "2016.08.25"]
[EventType "swiss"]
[EventRounds "7"]
[EventCountry "GER"]
[SourceTitle "CBM 174 Extra"]
[Source "ChessBase"]
[SourceDate "2016.10.10"]
[SourceVersion "1"]
[SourceVersionDate "2016.10.10"]
[SourceQuality "1"]

1. Nf3 d5 2. c4 dxc4 3. Na3 a6 4. Nxc4 b5 5. Na3 Nf6 6. d4 Bb7 7. e3 Nbd7 8. Be2 g6 9. 0-0 Bg7 10. b3 0-0 11. Bb2 Rc8 12. Rc1 c5 13. Qd2 Ne4 14. Qd1 cxd4 15. Bxd4 Rxc1 16. Qxc1 Nef6 17. Rd1 Qc8 18. Qb2 Rd8 19. Nb1 Qb8 20. Nbd2 Rc8 21. Rc1 Rxc1+ 1/2-1/2

[Event "Wiesbaden op 27th"]
[Site "Wiesbaden"]
[Date "2015.08.28"]
[Round "2"]
[White "Lorenz, Hermann"]
[Black "Hegener, Daniel"]
[Result "1-0"]
[WhiteElo "1668"]
[BlackElo "1143"]
[PlyCount "61"]
[EventDate "2015.08.27"]
[EventType "swiss"]
[EventRounds "7"]
[EventCountry "GER"]
[SourceTitle "EXT 2016"]
[Source "ChessBase"]
[SourceDate "2015.10.08"]
[SourceVersion "1"]
[SourceVersionDate "2015.10.08"]
[SourceQuality "1"]

1. c4 Nf6 2. g3 c5 3. Bg2 g6 4. Nf3 Nc6 5. Nc3 Bg7 6. 0-0 0-0 7. a3 d6 8. e3 Bf5 9. d4 e6 10. Nh4 Qc7 11. Nxf5 exf5 12. Rb1 Rad8 13. Nb5 Qb6 14. d5 Ne5 15. b3 a6 16. Nc3 Ne4 17. Nxe4 fxe4 18. Bxe4 f5 19. Bc2 Rde8 20. Bd2 Ng4 21. e4 Bd4 22. exf5 gxf5 23. Bf4 Nxf2 24. Rxf2 Bxf2+ 25. Kxf2 Rf6 26. Qh5 Ref8 27. Re1 Qd8 28. Bg5 h6 29. Re6 R8f7 30. Bxf6 Rxf6 31. Re8+ 1-0